000 00586nam a2200193Ia 4500
008 140321s9999 xx 000 0 und d
020 _a9717251223
050 _aBF 698
_b.B34d 2005
100 _aBayani, Charo L.
245 _aDeveloping character and social relations /
_cCharo L. Bayani.
260 _aMakati City :
_bGrandwater Pub.,
_cc2005.
300 _a240 p. :
_c24 cm.
500 _aIncludes bibliographical references.
521 _aPSYCH
650 _aPersonality and social intelligence.
650 _aPersonality development.
942 _kLOC
_cBK
999 _c48334
_d48334